Stati che confinano con il Perù - Statistics

Statistiche generali
  • Questo quiz è stato fatto 13 volte
  • Il punteggio medio è 4 su 5
Statistiche sulle risposte
Superficie (km²) Popolazione (ab.) Lunghezza confine (km) Stato % Corretto
1 098 571 11 673 029 900 Bolivia
100%
8 514 877 215 319 500 2 995 Brasile
100%
755 339 17 574 003 169 Cile
78%
1 141 748 51 322 788 1 626 Colombia
78%
256 370 18 000 3888 1 420 Ecuador
67%
Nessun quiz corrispondente trovato
Distribuzione punteggi
Percentuale di utenti per punteggio
Percentile per numero di risposta
I tuoi punteggi nel tempo
Non hai fatto questo quiz